The heart test / (Record no. 8129)

MARC details
000 -LEADER
fixed length control field 00844cam a2200289 a 4500
001 - CONTROL NUMBER
control field 2315199
003 - CONTROL NUMBER IDENTIFIER
control field OSt
005 - DATE AND TIME OF LATEST TRANSACTION
control field 20230412100145.0
008 - FIXED-LENGTH DATA ELEMENTS--GENERAL INFORMATION
fixed length control field 811005s1981 nyu 001 0 eng
010 ## - LIBRARY OF CONGRESS CONTROL NUMBER
LC control number 81015231
020 ## - INTERNATIONAL STANDARD BOOK NUMBER
International Standard Book Number 0346125545 :
Terms of availability $15.50
020 ## - INTERNATIONAL STANDARD BOOK NUMBER
International Standard Book Number 0346125510 (pbk.)
040 ## - CATALOGING SOURCE
Original cataloging agency DLC
Transcribing agency DLC
Modifying agency DLC
043 ## - GEOGRAPHIC AREA CODE
Geographic area code n-us-az
050 00 - LIBRARY OF CONGRESS CALL NUMBER
Classification number RC682
Item number .D53
082 00 - DEWEY DECIMAL CLASSIFICATION NUMBER
Classification number 616.1/2
Edition number 19
100 1# - MAIN ENTRY--PERSONAL NAME
Personal name Diethrich, Edward B.,
Dates associated with a name 1935-
9 (RLIN) 16596
245 14 - TITLE STATEMENT
Title The heart test /
Statement of responsibility, etc. Edward B. Diethrich.
260 ## - PUBLICATION, DISTRIBUTION, ETC. (IMPRINT)
Place of publication, distribution, etc. New York :
Name of publisher, distributor, etc. Cornerstone Library,
Date of publication, distribution, etc. c1981.
300 ## - PHYSICAL DESCRIPTION
Extent 246 p. ;
Dimensions 25 cm.
500 ## - GENERAL NOTE
General note Includes index.
610 20 - SUBJECT ADDED ENTRY--CORPORATE NAME
Corporate name or jurisdiction name as entry element Arizona Heart Institute.
9 (RLIN) 16597
650 #0 - SUBJECT ADDED ENTRY--TOPICAL TERM
Topical term or geographic name as entry element Heart
General subdivision Diseases
-- Prevention.
9 (RLIN) 16598
650 #0 - SUBJECT ADDED ENTRY--TOPICAL TERM
Topical term or geographic name as entry element Heart
General subdivision Diseases
-- Diagnosis.
9 (RLIN) 3774
906 ## - LOCAL DATA ELEMENT F, LDF (RLIN)
a 7
b cbc
c orignew
d 1
e ocip
f 19
g y-gencatlg
942 ## - ADDED ENTRY ELEMENTS (KOHA)
Source of classification or shelving scheme Other/Generic Classification Scheme
Koha item type Open Shelf
Holdings
Withdrawn status Lost status Source of classification or shelving scheme Damaged status Not for loan Home library Current library Date acquired Source of acquisition Inventory number Total Checkouts Full call number Barcode Date last seen Price effective from Koha item type
    Other/Generic Classification Scheme     MUST Main Library MUST Main Library 12/04/2023 Purchase 02/17102   616.1/2 2023-0456 12/04/2023 12/04/2023 Open Shelf